000 00279nam a22001217a 4500
008 181101b xxu||||| |||| 00| 0 eng d
041 _aeng
080 _a617
100 _a5
101 _aKIR
245 _aThe Critically III Neurosurgical Patient
_cNikas,D.L
942 _2udc
_cBK
999 _c51423
_d51423